000 00801nam a2200253Ia 4500
003 OSt
005 20221005082342.0
006 a|||||r|||| 00| 0
007 ta
008 221004b |||||||| |||| 00| 0 urd d
020 _c250
024 _a2744
037 _b5543, 18/03/2009, Modern Publishing House
_cTextual
040 _aCRL
_cCRL
_burd
041 _2urd
_aurd
082 _aP168:1.25, P5
100 _aAlvi Tanveer Ahmad Au.
245 0 _aShumali Hind ki boliyon aur bhashaon me barah masa ki riwayat
260 _aNew Delhi
_bShahid Publications India
_c2005
300 _a224p.
_ccm.
650 _aLANGUAGE AND LANGUAGES
_98342
942 _hP168:1.25, P5
_cTEXL
_2cc
999 _c989195
_d989195